Normal view MARC view
  • Aamna Athar Wajeeha Maalik Javeria Aftab Iqra Tabassum

Entry Personal Name

Number of records used in: 1

001 - CONTROL NUMBER

  • control field: 71337

003 - CONTROL NUMBER IDENTIFIER

  • control field: NUST

005 - DATE AND TIME OF LATEST TRANSACTION

  • control field: 20210628204625.0

008 - FIXED-LENGTH DATA ELEMENTS

  • fixed length control field: 210628|| aca||aabn | a|a d

040 ## - CATALOGING SOURCE

  • Original cataloging agency: NUST
  • Transcribing agency: NUST

100 ## - HEADING--PERSONAL NAME

  • Personal name: Aamna Athar Wajeeha Maalik Javeria Aftab Iqra Tabassum

670 ## - SOURCE DATA FOUND

  • Source citation: Work cat.: (NUST): Aamna Athar Wajeeha Maalik Javeria Aftab Iqra Tabassum , PR-SOF-1765-Three Dimensional Eye Ball Tracking Using Human Computer Interface, 2018
© 2023 Central Library, National University of Sciences and Technology. All Rights Reserved.